000 00936nam a2200241 a 4500
001 BRCA_510
005 20190320203036.0
008 230508s2005----sp-a---###---#000-0#spa-#
020 _a8497031466
050 4 _aNK4565
_b.E58 2005
245 1 0 _aEntre oriente y occidente
_bcerámica oriental, norteafricana y europea del Museu de Ceràmica de Barcelona.
260 _aZaragoza
_bDiputación de Zaragoza
_c2005
300 _a155 p.
_bil. a color
_c28 cm.
500 _aCatálogo de la exposición realizada en la Sala de Exposiciones ´Enrique Cook´ (Muel, Zaragoza), 30 septiembre - 28 diciembre, 2005
504 _aBibliografía: p. 135
546 _aTexto en español e inglés
610 2 4 _aMuseo de Cerámica de Barcelona
_xColecciones de cerámica
_91751
650 1 4 _aCerámica
_zIslam
_91752
650 1 4 _aPorcelana
_zChina
_91753
650 1 4 _aCerámica
_xDecoración
_91112
650 1 4 _aGrabado
_zEuropa
_91754
942 _2lcc
_cB
999 _c443
_d443